Využitie cícera v priemysle a domácnosti

Bibliographic Details
Main Authors: Dodok, Ladislav, 1935- (Author), Buchtová, Viola (Author)
Format: Article
Language:Slovak
PhysicalDescription:Tb. 2.
Subjects:

MARC

LEADER 00000nab a2200000 a 4500
001 vtls000433140
003 SK-MaSNL
005 20260304010559.0
008 230120c1991 xo 0 slo
015 |a SNBRB19rr/mm-uuuuu 
035 |a CL0433268 
035 |a urn:nbn:sk:snk-ab6uuv 
035 |a (uuid)74d01804-47d7-4f6d-b53e-bf53748f1a35 
035 |a (urnnbn)urn:nbn:sk:snk:ar-a05zwh 
035 |a (sysno)vtls000433140 
040 |a SNKBUCL  |b slo  |c SNKBUCL  |e AACR2 
041 0 |a slo 
044 |a xo  |c SK 
080 |a 635.6  |2 1981 
080 |a 613.26  |2 1981 
100 1 |a Dodok, Ladislav,  |d 1935-  |4 aut  |9 240301 
245 1 0 |a Využitie cícera v priemysle a domácnosti  |c Ladislav Dodok, Viola Buchtová 
300 |b Tb. 2. 
650 0 7 |a cícer baraní  |2 snkbucl  |9 82384 
650 0 7 |a výživa a zdravie  |2 snkbucl  |9 759888 
655 7 |a články z novín a časopisov  |2 snkbucl  |9 267496 
700 1 |a Buchtová, Viola  |4 aut  |9 826341 
773 0 |t Výživa a zdravie  |g Roč. 36, č. 8-9 (1991), s. 35-36 
850 |a Slovenská národná knižnica v Martine  |a MTA001 
852 |a SNK  |b KIS3GCP 
954 |a odborná, vedecká literatúra pôvodná (slovenská)  |2 lita 
958 |a RK 
958 |a MI 
958 |a OND 
958 |a EUIPO 
958 |a article27 
992 |a RBX 
999 |c 2561652  |d 2563582